Cơ sở công nghệ vi sinh vật và ứng dụng Dùng cho sinh viên các trường Đại học, Cao đẳng có liên quan đến sinh học, y học, nông nghiệp
Trình bày nguyên lý cơ bản của công nghệ vi sinh vật. Các ứng dụng công nghệ vi sinh vật trong sản xuất các sản phẩm ứng dụng trong các ngành công nghiệp chế biến thực phẩm, nông nghiệp, thuỷ sản, y dược, bảo vệ môi trường, phát triển nguồn năng lượng sinh học mới......
Na minha lista:
| Autor principal: | |
|---|---|
| Outros Autores: | |
| Formato: | Livro |
| Idioma: | Vietnamese |
| Publicado em: |
H.
Giáo dục
2012
|
| Edição: | Tái bản lần thứ 1 |
| Assuntos: | |
| Tags: |
Adicionar Tag
Sem tags, seja o primeiro a adicionar uma tag!
|
| Thư viện lưu trữ: | Mạng thư viện Đại học Đà Nẵng |
|---|
| LEADER | 01727nam a2200385 4500 | ||
|---|---|---|---|
| 001 | 000025185 | ||
| 003 | 21678 | ||
| 005 | 20170525080509.0 | ||
| 008 | 170525s2012 viesd | ||
| 020 | |c 75000 | ||
| 041 | 0 | |a vie | |
| 082 | 1 | 4 | |a 660.6 |b LÊ-H |
| 100 | 1 | |a Lê Gia Hy | |
| 245 | 1 | 0 | |a Cơ sở công nghệ vi sinh vật và ứng dụng |b Dùng cho sinh viên các trường Đại học, Cao đẳng có liên quan đến sinh học, y học, nông nghiệp |c Lê Gia Hy chủ biên; Khuất Hữu Thanh |
| 250 | |a Tái bản lần thứ 1 | ||
| 260 | |a H. |b Giáo dục |c 2012 | ||
| 300 | |a 383 tr. |b minh họa |c 24 cm. | ||
| 504 | |a Thư mục: tr. 380 | ||
| 520 | 3 | |a Trình bày nguyên lý cơ bản của công nghệ vi sinh vật. Các ứng dụng công nghệ vi sinh vật trong sản xuất các sản phẩm ứng dụng trong các ngành công nghiệp chế biến thực phẩm, nông nghiệp, thuỷ sản, y dược, bảo vệ môi trường, phát triển nguồn năng lượng sinh học mới... | |
| 650 | 0 | 4 | |a Công nghệ sinh học |
| 650 | 0 | 4 | |a Công nghệ sinh học vi sinh vật |x Vi sinh vật |
| 653 | |a Công nghệ sinh học | ||
| 653 | |a Vi sinh vật | ||
| 653 | |a Ứng dụng | ||
| 700 | 1 | |a Khuất Hữu Thanh | |
| OWN | |a LSP | ||
| AVA | |a UDN50 |b LSP |d 660.6 LÊ-H |e check_holdings |t Error 5003 Not defined in file expand_doc_bib_avail. |h N |k 1 | ||
| 999 | |a From the UDN01 | ||
| AVA | |a UDN50 |b LSP |d 660.6 LÊ-H |e available |t Error 5001 Not defined in file expand_doc_bib_avail. |f 30 |g 3 |h N |i 41 |k 1 | ||
| TYP | |a Monograph | ||
| TYP | |a Printed language | ||
| 980 | |a Mạng thư viện Đại học Đà Nẵng | ||